The bipolar microcomputer components data book for design engineers (Record no. 161496)
[ view plain ]
| 000 -LEADER | |
|---|---|
| fixed length control field | 00367nam a2200133Ia 4500 |
| 008 - FIXED-LENGTH DATA ELEMENTS--GENERAL INFORMATION | |
| fixed length control field | 231217s9999 xx 000 0 und d |
| 041 ## - LANGUAGE CODE | |
| Language code of text/sound track or separate title | English |
| 082 ## - DEWEY DECIMAL CLASSIFICATION NUMBER | |
| Classification number | 001.6404021 TEX |
| 100 ## - MAIN ENTRY--PERSONAL NAME | |
| Personal name | Texas Instruments |
| 245 #4 - TITLE STATEMENT | |
| Title | The bipolar microcomputer components data book for design engineers |
| 250 ## - EDITION STATEMENT | |
| Edition statement | 3rd ed. |
| 260 ## - PUBLICATION, DISTRIBUTION, ETC. | |
| Date of publication, distribution, etc. | 1981 |
| Name of publisher, distributor, etc. | Texas instrument |
| 942 ## - ADDED ENTRY ELEMENTS (KOHA) | |
| Koha item type | Books |
| Date last seen | Total checkouts | Full call number | Accession number | Cost, total (INR) price | Price effective from | Category | Lost status | Damaged status | Department | Withdrawn status | Home library | Current library | Entry date | Vendor | Cost, normal purchase price | Grants | Billnumber | Billdate | Currency symbol | Conversion rate | Discount | Old discount |
|---|---|---|---|---|---|---|---|---|---|---|---|---|---|---|---|---|---|---|---|---|---|---|
| 26/01/2024 | 001.6404021 TEX | 2646 | 212.50 | 26/01/2024 | Books | Central Library | Central Library | Central Library | 16/08/1990 | BBB | 250.00 | CS | 442 | 01/08/1991 | RS | 1 | 37.5 | 15 |
